| 000 | 03438nam a2200217 a 4500 | ||
|---|---|---|---|
| 001 | Rebiun33976468 | ||
| 008 | 230915s2023 sp 001 0 spa c | ||
| 020 | _a9788419261595 | ||
| 040 |
_aUSPCEU-AAS _bEnglish _ctbs |
||
| 041 | _aSpanish | ||
| 100 |
_aBreithaupt, Fritz _925544 _eauthor |
||
| 245 | 1 | 3 |
_aEl cerebro narrativo _b: lo que nuestras neuronas cuentan _c/ Fritz Breithaupt ; translated by Joaquín Chamorro Mielke. |
| 260 |
_aMadrid : _bSextopiso, _c2023 |
||
| 300 |
_a317 pages ; _c24 cm |
||
| 520 | _aLos seres humanos vivimos rodeados de historias que condicionan nuestro modo de entender el mundo y de entendernos entre nosotros. Estas historias pueden ser reales o ficticias, propias o ajenas, alegres o descorazonadoras, pero nunca pasan desapercibidas: nuestro cerebro las interpreta, las registra y las utiliza. A través de las narraciones vemos y oímos, nos comunicamos, aprendemos del entorno y le damos forma a todo estímulo que nos llega; en definitiva, a través de las narraciones vivimos. En este brillante ensayo, el profesor de Ciencias Cognitivas Fritz Breithaupt arroja luz sobre los sofisticados mecanismos neuronales que hacen que el cerebro interprete el mundo a través de las historias que recibe y las que él mismo fabrica. Breithaupt nos habla de literatura, de sociología y de nuestra vida cotidiana; desentraña las particularidades de aquellas narraciones que residen en nosotros casi instintivamente, como las de los hermanos Grimm; y explica cómo las sociedades precisan de relatos colectivos que las ayuden a superar sus traumas, como ocurrió tras el 11-S o como, apunta, ocurre y ocurrirá tras la pandemia del coronavirus. El cerebro narrativo es una obra rigurosa y didáctica que combina con equilibrio la investigación científica profunda con ejemplos extraídos de la literatura, el cine o la vida cotidiana. Es, en resumen, una fascinante indagación acerca del modo en que las narraciones nos hacen ser quienes somos. | ||
| 520 | _aHuman beings live surrounded by stories that shape how we understand the world and relate to one another. These stories may be real or fictional, personal or shared, joyful or heartbreaking, but they are never neutral: our brains interpret them, store them, and put them to use. Through narrative we see and hear, we communicate, we learn from our environment, and we give meaning to every stimulus we receive. In short, it is through narrative that we live. In this brilliant essay, Professor of Cognitive Science Fritz Breithaupt sheds light on the sophisticated neural mechanisms that allow the brain to interpret the world through the stories it absorbs—and those it creates. Breithaupt draws from literature, sociology, and everyday life; he unpacks the particularities of stories that dwell within us almost instinctively, such as the tales of the Brothers Grimm; and he explains how societies depend on shared narratives to overcome trauma, as seen after 9/11 or, as he suggests, in the wake of the coronavirus pandemic. The Narrative Brain is a rigorous and highly readable work that strikes a fine balance between in-depth scientific research and examples drawn from literature, film, and daily life. It is, in essence, a fascinating exploration of how stories shape who we are. | ||
| 650 | 0 | 0 |
_aCognition _96853 |
| 650 | 0 | 0 |
_aNeurobiology _925542 |
| 700 |
_aChamorro Mielke, Joaquín _etranslator _925506 |
||
| 942 | _2lcc | ||
| 999 |
_c4781 _d4781 |
||